| Tag |
First Indicator |
Second Indicator |
Subfields |
| LEADER |
00000cam a2200000 4500 |
| 001 |
in00000073199 |
| 005 |
20151008052508.0 |
| 008 |
750319s1934 nyu b 00000 eng u |
| 010 |
|
|
|a 34000911
|
| 035 |
|
|
|a (OCoLC)01223469
|
| 035 |
|
|
|9 AAH3591AM
|
| 040 |
|
|
|c YOM
|d TXA
|d UtOrBLW
|
| 049 |
|
|
|a TXAM
|c [308501]
|
| 050 |
|
0 |
|a LB875
|b .K45 1934
|
| 092 |
|
|
|a 370.1
|b K48s, Rev.ed.
|
| 100 |
1 |
|
|a Kilpatrick, William Heard,
|d 1871-1965.
|
| 245 |
1 |
0 |
|a Source book in the philosophy of education /
|c by William Heard Kilpatrick ...
|
| 250 |
|
|
|a Rev. ed.
|
| 264 |
|
1 |
|a New York :
|b The Macmillan company,
|c 1934.
|
| 300 |
|
|
|a xviii pages, 1 leaf, 535 pages ;
|c 20 1/2 cm.
|
| 336 |
|
|
|a text
|b txt
|2 rdacontent
|
| 337 |
|
|
|a unmediated
|b n
|2 rdamedia
|
| 338 |
|
|
|a volume
|b nc
|2 rdacarrier
|
| 490 |
0 |
|
|a Text-book series
|
| 504 |
|
|
|a "Index of sources": pages 487-505.
|
| 650 |
|
0 |
|a Education.
|
| 999 |
|
|
|a MARS
|
| 999 |
f |
f |
|s d6514632-bc03-3f01-b7a4-68cda35433db
|i fc505db5-52cc-3722-8235-8773c04e4800
|t 0
|
| 952 |
f |
f |
|p normal
|a Texas A&M University
|b College Station
|c Sterling C. Evans Library
|d Evans: Library Stacks
|t 0
|e LB875 .K45 1934
|h Library of Congress classification
|i unmediated -- volume
|m A14812548794
|
| 998 |
f |
f |
|a LB875 .K45 1934
|t 0
|l Evans: Library Stacks
|